Top 100 Most Viewed Pre-2000s Artists on YouTube - Statistics

General Stats
  • This quiz has been taken 1,559 times
    1,490 since last reset
  • The average score is 48 of 103
Answer Stats
# Song Answer % Correct
12.9 B Billie Jean Michael Jackson
96%
9.7 B Bohemian Rhapsody Queen
93%
8.9 B In Da Club 50 Cent
92%
7.3 B All I Want For Christmas Is You Mariah Carey
90%
7.5 B …Baby One More Time Britney Spears
88%
26.9 B Waka Waka Shakira
88%
4.9 B Smells Like Teen Spirit Nirvana
87%
3.5 B Dancing Queen ABBA
85%
1.6 B Africa Toto
80%
5.5 B I Will Always Love You Whitney Houston
80%
22.7 B Love The Way You Lie Eminem
79%
2.6 B Careless Whisper George Michael
79%
3.3 B Stayin’ Alive Bee Gees
78%
3.1 B Still D.R.E. Dr. Dre
77%
2.7 B Wonderwall Oasis
77%
7.2 B Thunderstruck AC/DC
76%
6.3 B Californication Red Hot Chili Peppers
76%
4.7 B I Want It That Way Backstreet Boys
75%
2.5 B Take On Me A-ha
73%
3.5 B Boulevard Of Broken Dreams Green Day
71%
1.7 B Last Christmas Wham!
71%
1.8 B Never Gonna Give You Up Rick Astley
69%
1.7 B Every Breath You Take The Police
69%
1.4 B Hey Ya! OutKast
68%
1.9 B Losing My Religion R.E.M.
68%
2.9 B Zombie The Cranberries
68%
2.1 B Creep Radiohead
67%
1.4 B Piano Man Billy Joel
65%
1.6 B Barbie Girl Aqua
64%
2.1 B Girls Just Want To Have Fun Cyndi Lauper
64%
1.4 B Don’t Stop Believin’ Journey
64%
2.3 B With Or Without You U2
64%
5.7 B La Isla Bonita Madonna
63%
6.1 B It’s My Life Bon Jovi
62%
2.5 B Drop It Like It’s Hot Snoop Dogg
62%
1.5 B The Final Countdown Europe
60%
7.6 B November Rain Guns N’ Roses
59%
1.2 B Bye Bye Bye NSYNC
59%
16.2 B Hymn For The Weekend Coldplay
58%
2.8 B Get Lucky Daft Punk
58%
6.0 B Nothing Else Matters Metallica
57%
1.8 B Can’t Help Falling In Love Elvis Presley
56%
4.9 B Yeah! Usher
56%
17.4 B Bailando Enrique Iglesias
53%
9.8 B On The Floor Jennifer Lopez
53%
3.8 B How You Remind Me Nickelback
52%
1.5 B Total Eclipse Of The Heart Bonnie Tyler
51%
2.1 B Man! I Feel Like A Woman Shania Twain
51%
1.2 B Eye Of The Tiger Survivor
51%
1.8 B September Earth, Wind & Fire
50%
1.2 B Bitter Sweet Symphony The Verve
49%
1.7 B Say My Name Destiny’s Child
48%
1.6 B Don’t Speak No Doubt
48%
3.2 B Don’t Let Me Down The Beatles
48%
1.9 B Dancing In The Dark Bruce Springsteen
47%
2.6 B Sacrifice Elton John
46%
3.8 B Lady Marmalade Christina Aguilera
45%
1.2 B Can’t Get You Out Of My Head Kylie Minogue
42%
2.0 B Rasputin Boney M
41%
1.4 B Another Day In Paradise Phil Collins
39%
4.0 B Chop Suey! System Of A Down
39%
1.3 B Dear Mama 2Pac
36%
1.8 B Wind Of Change Scorpions
36%
6.7 B Vente Pa’ Ca Ricky Martin
34%
1.7 B Maria Maria Santana
34%
1.4 B Walk Of Life Dire Straits
32%
1.8 B Juicy The Notorious B.I.G.
32%
2.1 B Enjoy The Silence Depeche Mode
31%
1.7 B Feel Robbie Williams
31%
1.2 B Anybody Seen My Baby The Rolling Stones
30%
1.7 B Un-Break My Heart Toni Braxton
30%
4.3 B I’m Alive Céline Dion
28%
2.6 B The Pretender Foo Fighters
28%
2.4 B Ignition R. Kelly
28%
1.7 B What’s Up 4 Non Blondes
27%
3.0 B Crazy Aerosmith
27%
1.8 B Freak On A Leash Korn
27%
1.8 B Family Affair Mary J. Blige
26%
1.3 B Rollin’ Limp Bizkit
25%
1.9 B It Must Have Been Love Roxette
25%
1.4 B Desert Rose Sting
25%
2.4 B Uprising Muse
23%
1.6 B Sweet Dreams (Are Made Of This) (Cover) Marilyn Manson
22%
2.1 B Apologize Timbaland
22%
1.8 B Angel Shaggy
20%
2.1 B I Miss You Blink-182
18%
4.1 B Please Forgive Me Bryan Adams
18%
4.0 B Pyschosocial Slipknot
17%
10.1 B RITMO Black Eyed Peas
15%
1.6 B Somewhere Over The Rainbow Israel Kamakawiwoʻole
13%
2.7 B Como La Flor Selena
11%
3.2 B You’re My Heart, You’re My Soul Modern Talking
10%
2.5 B I Don’t Want To Talk About It Rod Stewart
10%
1.3 B No Ordinary Love Sade
10%
5.4 B Mirror Lil Wayne
9%
5.7 B Vivir Mi Vida Marc Anthony
9%
1.6 B Picture Kid Rock
6%
2.2 B Vivo Por Ella Andrea Bocelli
4%
2.0 B La Cosa Ma Bella Eros Ramazzotti
4%
3.2 B Blah Blah Blah Armin van Buuren
3%
1.4 B Again Lenny Kravitz
3%
2.7 B My Love Westlife
3%
3.4 B Amiga Mia Alejandro Sanz
2%
No matching quizzes found
Score Distribution
Percent of People with Each Score
Percentile by Number Answered
Your Score History
You have not taken this quiz since the last reset